Страны и флаги (Запись № 11862647)

Подробности
000 -МАРКЕР
контрольное поле 01580nem0a2200373 4500
001 - ИДЕНТИФИКАТОР ЗАПИСИ
контрольное поле RU\NLR\BIBL_A\012428478
005 - ИДЕНТИФИКАТОР ВЕРСИИ
контрольное поле 20210531140312.0
010 ## - МЕЖДУНАРОДНЫЙ СТАНДАРТНЫЙ НОМЕР КНИГИ (ISBN)
Номер (ISBN) 978-5-00132-145-3
Цена 8000 экз.
021 ## - НОМЕР ГОСУДАРСТВЕННОЙ РЕГИСТРАЦИИ
Код страны Российская Федерация
Номер КН-П-20-034085
Номер Листа государственной регистраци КН-П-20-2606
021 ## - НОМЕР ГОСУДАРСТВЕННОЙ РЕГИСТРАЦИИ
Код страны Российская Федерация
Номер КН-П-23-046117
Номер Листа государственной регистраци КН-П-23-4612
021 ## - НОМЕР ГОСУДАРСТВЕННОЙ РЕГИСТРАЦИИ
Код страны Российская Федерация
Номер КН-П-21-094431
Номер Листа государственной регистраци КН-П-21-7545
035 ## - ДРУГИЕ СИСТЕМНЫЕ НОМЕРА
Идентификатор записи (NLR Aleph) 012428478
035 ## - ДРУГИЕ СИСТЕМНЫЕ НОМЕРА
Идентификатор записи (RuMoRGB)010357912
100 ## - ДАННЫЕ ОБЩЕЙ ОБРАБОТКИ
Данные общей обработки 20201228d2020 u y0rusy50 ca
101 0# - ЯЗЫК РЕСУРСА
Язык текста, звукозаписи и т.д. русский
102 ## - СТРАНА ПУБЛИКАЦИИ ИЛИ ПРОИЗВОДСТВА
Страна публикации Российская Федерация
120 ## - ПОЛЕ КОДИРОВАННЫХ ДАННЫХ: КАРТОГРАФИЧЕСКИЕ МАТЕРИАЛЫ - ОБЩИЕ ХАРАКТЕРИСТИКИ
Кодированные данные о картографическом материале (общие) bya xx||
123 0# - ПОЛЕ КОДИРОВАННЫХ ДАННЫХ: КАРТОГРАФИЧЕСКИЕ МАТЕРИАЛЫ - МАСШТАБ И КООРДИНАТЫ
Тип масштаба a
200 1# - ЗАГЛАВИЕ И СВЕДЕНИЯ ОБ ОТВЕТСТВЕННОСТИ
Основное заглавие Страны и флаги
Общее обозначение материала Карты
Сведения, относящиеся к заглавию многоразовые наклейки : [для детей младшего школьного возраста : 6+]
Первые сведения об ответственности [текст: Н. Преображенская, В. Шехтман]
206 ## - ОБЛАСТЬ СПЕЦИФИЧЕСКИХ СВЕДЕНИЙ: КАРТОГРАФИЧЕСКИЕ МАТЕРИАЛЫ - МАТЕМАТИЧЕСКИЕ ДАННЫЕ
Сведения о математических данных Б. м-ба
210 ## - ПУБЛИКАЦИЯ, РАСПРОСТРАНЕНИЕ И ДР.
Место издания, распространения и т.д. Москва
Имя издателя, распространителя и т. д. ООО "ВАКОША"
Дата издания, распространения и т.д. 2020
215 ## - ФИЗИЧЕСКАЯ ХАРАКТЕРИСТИКА
Специфическое обозначение материала и объем 1 атл.([14] с., [2] л. цв. наклеек)
Другие сведения о физической характеристике цв. ил.
Размеры 33х24 см
225 2# - СЕРИЯ
Основное заглавие серии Моя первая энциклопедия с наклейками
509 01 - ЗАГОЛОВОК -СТРУКТУРИРОВАННОЕ ГЕОГРАФИЧЕСКОЕ ИЛИ ТЕМАТИЧЕСКОЕ НАИМЕНОВАНИЕ
Графика поля Кириллица
Географическое / тематическое наименование – начальный элемент ввода Мир
Системный номер авторитетной/нормативной записи 2633185
Идентификатор авторитетной / нормативной записи RU\NLR\auth_crt\551
606 1# - НАИМЕНОВАНИЕ ТЕМЫ КАК ПРЕДМЕТ
Наименование темы Детская литература
Код системы rubbk
607 ## - ГЕОГРАФИЧЕСКОЕ НАИМЕНОВАНИЕ КАК ПРЕДМЕТ
Географическое наименование Страны мира
Формальный подзаголовок Атласы для детей
Системный номер авторитетной/нормативной записи 2178478
Идентификатор авторитетной/нормативной записи RU\NLR\AUTH\661310190
608 ## - ФОРМА, ЖАНР, ФИЗИЧЕСКИЕ ХАРАКТЕРИСТИКИ ДОКУМЕНТА КАК ТОЧКА ДОСТУПА
Начальный элемент ввода Иллюстрированные атласы
Системный номер авторитетной/нормативной записи 2313621
Идентификатор авторитетной/нормативной записи RU\NLR\AUTH\6601609963
686 ## - ИНДЕКСЫ ДРУГИХ КЛАССИФИКАЦИЙ
Индекс Ш9:Д18(0)1А(2)
Код системы
702 #1 - ИМЯ ЛИЦА - ВТОРИЧНАЯ ОТВЕТСТВЕННОСТЬ
Начальный элемент ввода Шехтман
Часть имени, кроме начального элемента ввода В.
Код отношения Редактор
852 ## - МЕСТОНАХОЖДЕНИЕ И ШИФР ХРАНЕНИЯ
Идентификатор организации NLR
Наименование фонда или коллекции (Sub-Location Identifier) К
Шифр хранения (Call Number) 4-Мир 7/4845
Идентификатор единицы 90497
942 ## - ДОПОЛНИТЕЛЬНЫЕ ЭЛЕМЕНТЫ ЗАПИСИ (АБИС)
Тип экземпляра АБИС Карта
980 ## - КОЛЛЕКЦИЯ
Название коллекции Национальная библиография
Экземпляры
Тип экземпляра Дата поступления Источник поступления Библиотека постоянного хранения Библиотека текущего хранения Место хранения Шифр хранения Штрих-код Статус экземпляра Нумерация / хронология для периодики Стоимость
Книга 28.12.2020 Обязательный экземпляр РНБ (Московский) РНБ (Московский) Обменный фонд   1-3264862      
Книга 15.04.2022 Обязательный экземпляр РНБ (Московский) РНБ (Московский) Обменный фонд   1-3752937   2021  
Книга 15.04.2022 Обязательный экземпляр РНБ (Московский) РНБ (Московский) Обменный фонд   1-3752933   2021  
Книга 29.08.2023 Обязательный экземпляр РНБ (Московский) РНБ (Московский) Обменный фонд   1-4324571   2023 0.00
Книга 29.08.2023 Обязательный экземпляр РНБ (Московский) РНБ (Московский) Обменный фонд   1-4324572   2023 0.00
Карта 28.12.2020 Обязательный экземпляр РНБ (Садовая) РНБ (Садовая) Фонд картографических изданий К 4-Мир 7/4845 1-3264863 Доставлен в Фoнд